00931cam a22002651 4500001001300000003000400013005001700017008004100034010001700075035001900092040003900111042001200150043001200162050002200174100003500196245008900231260005100320300007300371490005000444504002800494650004300522740003400565810004900599999001700648gs 63000273 DLC20260227111413.0780727s1963 vtuab b 000 0 eng c ags 63000273  a(OCoLC)4089527 aU.S. Geol. Survey Libr.cMeLBdDLC apremarc an-us-vt00aQE171b.A3 no. 211 aErn, Ernest H.q(Ernest Henry)10aBedrock geology of the Randolph quandrangle [sic] Vermont,cby Ernest Henry Ern, Jr. aMontpelier,bVermont Development Dept.,c1963. a 96 p.billus., maps (part fold., part col., part in pocket)c23 cm.1 aVermont. Geological Survey. Bulletinvno. 21 aBibliography: p. 93-96. 0aGeologyzVermontzRandolph quadrangle.0 aRandolph quadrangle, Vermont.1 aVermont.bState Geologist.vBulletin no. 21. c29738d29738